Najmniejsze państwa Europy (bardzo łatwe) - Statystyki

Ogólne statystyki
  • Ten quiz został rozwiązany 601 razy
  • Średni wynik to 6 z 7
Statystyki odpowiedzi
Odpowiedź % Poprawnych
Watykan
94%
San Marino
88%
Liechtenstein
85%
Andora
81%
Luksemburg
80%
Monako
80%
Malta
71%
Nie znaleziono quizów pasujących do podanych kryteriów
Rozkład punktacji
Procent ludzi z każdym wynikiem
Percentyl według liczby udzielonych odpowiedzi
Twoja historia wyników
Nie rozwiązałeś tego quizu